000 003790000a22001330004500
090 _aAS
_bSeriadas
245 1 0 _aRecuentos cromosómicos en Compositae de Colombia
041 0 _aEspañol
700 1 _aStuessy, Tod F.
_922564
700 1 _aDíaz Piedrahita, Santiago
_995842
100 1 _aJansen, Robert K.
_999304
942 _cARTICULO
773 1 _tCaldasia
_345
_h66
_q7-20
_d1984
_g14
999 _c14642
_d14642